Family Process

Bibliographic Details
Format: eBook
Language:English
Published: Hoboken: Wiley, 1962 -
Subjects:
Online Access:Acceso restringido

MARC

LEADER 00000nam a22000007a 4500
005 20220519210829.0
007 cr|||| ||||
008 220519c19629999us qr|w s|||| 0|||b1eng d
022 |a 1545-5300 
035 |a 36215 
040 |a vLex 
090 |c 13361  |d 13361 
245 0 0 |a Family Process  |h [Recurso electrn̤ico] / 
256 |a Servicio en ln̕ea 
260 |a Hoboken:  |b Wiley,  |c 1962 - 
300 |a 1 recurso electrn̤ico 
310 |a Trimestral 
362 |a Nð 1-1 (Mar. 1962) - 
500 |a Family Process is an international, multidisciplinary, peer-reviewed journal committed to publishing original articles, including theory and practice, philosophical underpinnings, qualitative and quantitative clinical research, and training in couple and family therapy, family interaction, and family relationships with networks and larger systems. Since its inception over four decades ago, Family Process has become a major resource for mental health and social service professionals who are seeking cutting edge research and clinical ideas about family and systems theory and practice. 
506 1 |a Disponible solo en los productos indicados  |d vLex Global  |d vLex Global (Academic Edition, excluding Law Schools)  |d vLex Global (Academic Edition, Law Schools) 
650 0 4 |a Derecho Civil  |z Estados Unidos 
740 0 |a vLex Revistas (Servicio en ln̕ea) 
856 4 0 |u https://app.vlex.com/#/sources/36215  |z Acceso restringido 
942 |c REV 
999 0 |a Civil Law